000 00558nam a2200181Ia 4500
008 151202s9999||||xx |||||||||||||| ||und||
082 _bPNVM-60258
100 _aकवठेकर द. र.
245 _aआपुलकीची झळ.
260 _b"मनोरमा प्रकाशन, पुणे."
260 _c60258
300 _a205
600 _aकवठेकर द. र.
630 _aआपुलकीची झळ.
700 _aकवठेकर द. र.
730 _aआपुलकीची झळ.
942 _cBOOK
999 _c1326792
_d1326789